Scholarships study abroad (Record no. 542906)
[ view plain ]
| 000 -LEADER | |
|---|---|
| fixed length control field | 00419nam a22001577a 4500 |
| 022 ## - INTERNATIONAL STANDARD SERIAL NUMBER | |
| International Standard Serial Number | 9698501045 |
| 082 ## - DEWEY DECIMAL CLASSIFICATION NUMBER | |
| Classification number | 371.22 |
| Author Mark | NAY |
| -- | N-01, P-74 |
| 100 ## - MAIN ENTRY--PERSONAL NAME | |
| Personal name | Fardows Nayer |
| 9 (RLIN) | 38266 |
| 245 ## - TITLE STATEMENT | |
| Title | Scholarships study abroad |
| Statement of responsibility, etc. | Fardows Nayer |
| 260 ## - PUBLICATION, DISTRIBUTION, ETC. | |
| Place of publication, distribution, etc. | Lahore |
| Name of publisher, distributor, etc. | Natty printers |
| 300 ## - PHYSICAL DESCRIPTION | |
| Extent | 529 p. ; |
| 526 ## - STUDY PROGRAM INFORMATION NOTE | |
| Program name | 0 |
| Interest level | 0 |
| Reading level | 0 |
| Title point value | 371_220000000000000_NAY |
| 650 ## - SUBJECT ADDED ENTRY--TOPICAL TERM | |
| Topical term or geographic name entry element | NUST |
| 9 (RLIN) | 6342 |
| 700 ## - ADDED ENTRY--PERSONAL NAME | |
| Personal name | Fardows Nayer |
| 9 (RLIN) | 38266 |
| 942 ## - ADDED ENTRY ELEMENTS (KOHA) | |
| Source of classification or shelving scheme | |
| Koha item type | Book |
| Withdrawn status | Lost status | Source of classification or shelving scheme | Damaged status | Not for loan | Permanent Location | Current Location | Date acquired | Total Checkouts | Full call number | Barcode | Date last seen | Price effective from | Koha item type |
|---|---|---|---|---|---|---|---|---|---|---|---|---|---|
| Military College of Engineering (MCE) | Military College of Engineering (MCE) | 02/24/2014 | 371.22 NAY | MCE-34601 | 02/24/2014 | 02/24/2014 | Book |
